000 00217 a2200097 4500
001 41109
100 _aBueche F
245 _aTheory & Problem of College Physics
260 _a
_bMcGraw Hill
_c
090 _c25339
_d25339
942 _aNUST-CAE
_cM
_c17046
999 _c276182
_d276182